000
00300nam a2200121Ia 4500
008
241002s9999 xx 000 0 und d
082
_a
808.83 GIO
100
_a
Giovanni, Baccaccio
245
4
_a
The Decameron of Giovanni Boccaccin
260
_a
New York:
_c
N/A
600
_a
Literature
942
_c
UC
999
_c
18932
_d
18932